Why didn't I think of that? : From alarm clocks to zippers /

Presents the story behind the invention of over 60 commonly used items including alarm clocks, jello, tea bags, and zippers.

Bibliographic Details
Main Author: Garrison, Webb B.
Other Authors: Abel, Ray (Raymond)
Format: Book
Language:English
Published: Englewood Cliffs, N.J. : Prentice-Hall, [1977]
Subjects:

MARC

Tag First Indicator Second Indicator Subfields
LEADER 00000cam a2200000 a 4500
001 in00000051021
005 20151007080122.0
008 770401s1977 njua j 01110 engm
010 |a  77005806  
020 |a 0139586032 :  |c $6.95 
035 |a (OCoLC)02894043 
035 |9 AAF4286AM 
040 |a DLC  |c DLC  |d TXA  |d UtOrBLW 
049 |a [Curr Col] TXAM  |c [388466] 
050 0 0 |a T48  |b  G37 
082 0 |a 600 
100 1 |a Garrison, Webb B. 
245 1 0 |a Why didn't I think of that? :  |b From alarm clocks to zippers /  |c  by Webb Garrison ; illustrated by Ray Abel. 
264 1 |a Englewood Cliffs, N.J. :  |b Prentice-Hall,  |c [1977] 
264 4 |c ©1977 
300 |a 120 pages :  |b illustrations ;  |c 24 cm. 
336 |a text  |b txt  |2 rdacontent 
337 |a unmediated  |b n  |2 rdamedia 
338 |a volume  |b nc  |2 rdacarrier 
500 |a Includes index. 
520 |a Presents the story behind the invention of over 60 commonly used items including alarm clocks, jello, tea bags, and zippers. 
650 0 |a Inventions  |v Juvenile literature. 
650 1 |a Inventions. 
700 1 |a Abel, Ray  |q (Raymond) 
999 |a MARS 
999 f f |s fbc0a736-7d91-3004-abfa-668cb2b77f53  |i 1792923a-1a04-3525-9e59-6f2aa258e9e8  |t 0 
952 f f |p ric  |a Texas A&M University  |b Rellis Campus  |c Joint Library Facility  |d Remote Storage  |t 0  |e T48 G37  |h Library of Congress classification  |i unmediated -- volume  |m A14805946795 
998 f f |a T48 G37  |t 0  |l Remote Storage